Derecho procesal penal /
Contiene: 1) Castigo y punición; 2) Imputación; 3) Instrucción; 4) Decisión; 5) Impugnación; 6) Expiación.
Збережено в:
| Автор: | |
|---|---|
| Інші автори: | , |
| Формат: | Книга |
| Мова: | Іспанська |
| Опубліковано: |
México :
Oxford University,
1999, c1999
|
| Серія: | (Biblioteca Clásicos del Derecho Penal ;
2) |
| Предмети: | |
| Теги: |
Немає тегів, Будьте першим, хто поставить тег для цього запису!
|
MARC
| LEADER | 00000nam^a2200000^a^4500 | ||
|---|---|---|---|
| 001 | 000318884 | ||
| 005 | 20250623000000.0 | ||
| 008 | 120224 19991999 | ||
| 009 | 20260310113425.896 | ||
| 020 | |a 970-613-544-8 | ||
| 020 | |a 970-613-546-4 | ||
| 037 | |a Acervo ITESO - Biblioteca | ||
| 041 | |a ESP | ||
| 082 | |a 345. |b CLA V. 2 | ||
| 100 | |a Carnelutti, Francesco |e (autor) | ||
| 240 | 1 | 1 | |a [Derecho procesal penal, de Francesco Carnelutti] |
| 245 | 1 | 0 | |a Derecho procesal penal / |c F. Carnelutti ; presen. de L. Pereznieto Castro ; pról. de J.A. Silva Silva. |
| 264 | 4 | |a México : |b Oxford University, |c 1999, c1999 | |
| 300 | |a XXX, 217 p. | ||
| 336 | |a texto |b txt |2 rdacontenido | ||
| 337 | |a sin mediación |b n |2 rdamedio | ||
| 338 | |a volumen |b nc |2 rdasoporte | ||
| 440 | 1 | |a (Biblioteca Clásicos del Derecho Penal ; |v 2) | |
| 520 | |a Contiene: 1) Castigo y punición; 2) Imputación; 3) Instrucción; 4) Decisión; 5) Impugnación; 6) Expiación. | ||
| 649 | |a XX | ||
| 650 | |a Delitos - |x Teoría | ||
| 650 | |a Acusaciones | ||
| 650 | |a Instrucción (Proceso Penal) | ||
| 650 | |a Impugnación | ||
| 650 | |a Sentencias | ||
| 650 | |a Resolución Judicial | ||
| 650 | |a Penas Privativas de Libertad | ||
| 650 | |a Pena (Derecho) | ||
| 650 | |a Proceso Penal - |x Tema Principal | ||
| 650 | |a Derecho Procesal Penal - |x Tema Principal | ||
| 650 | |a Derecho Penal - |x Tema Principal | ||
| 650 | |a Derecho Público | ||
| 700 | |a Pereznieto Castro, Leonel |e (presentación) | ||
| 700 | |a Silva Silva, Jorge Alberto |e (prólogo) | ||
| 910 | |a Fondo General | ||
| 920 | |a Impresos - Libros | ||
| 930 | |a Colección General | ||
| 905 | |a 101 | ||
| 901 | |a 0500206012 |b IT1 |c ACC |d DT |i D57672 |u 20250623 | ||
| 902 | |a https://opac.biblio.iteso.mx/vufind/Record/000318884 | ||